Cicero's Letters to Atticus / (Record no. 123595)
[ view plain ]
| 000 -LEADER | |
|---|---|
| fixed length control field | 01572cam a2200409 i 4500 |
| 001 - CONTROL NUMBER | |
| control field | 3705510 |
| 003 - CONTROL NUMBER IDENTIFIER | |
| control field | ARRUPE |
| 005 - DATE AND TIME OF LATEST TRANSACTION | |
| control field | 20151024121948.0 |
| 008 - FIXED-LENGTH DATA ELEMENTS--GENERAL INFORMATION | |
| fixed length control field | 790518s1978 enkb b 000 0aeng |
| 010 ## - LIBRARY OF CONGRESS CONTROL NUMBER | |
| LC control number | 79304440 |
| 015 ## - NATIONAL BIBLIOGRAPHY NUMBER | |
| National bibliography number | GB*** |
| 020 ## - INTERNATIONAL STANDARD BOOK NUMBER | |
| International Standard Book Number | 0140443096 : |
| Terms of availability | £2.25 ($5.95) |
| 040 ## - CATALOGING SOURCE | |
| Original cataloging agency | DLC |
| Transcribing agency | DLC |
| Modifying agency | DLC |
| 041 1# - LANGUAGE CODE | |
| Language code of text/sound track or separate title | eng |
| Language code of original and/or intermediate translations of text | lat |
| 043 ## - GEOGRAPHIC AREA CODE | |
| Geographic area code | e------ |
| -- | ff----- |
| -- | aw----- |
| 050 00 - LIBRARY OF CONGRESS CALL NUMBER | |
| Classification number | PA6297.A5 1978 |
| 082 00 - DEWEY DECIMAL CLASSIFICATION NUMBER | |
| Classification number | 876/.01 |
| 300 ## - PHYSICAL DESCRIPTION | |
| Other physical details | maps ; |
| Dimensions | 18 cm. |
| 100 1# - MAIN ENTRY--PERSONAL NAME | |
| Personal name | Cicero, Marcus Tullius. |
| 9 (RLIN) | 20486 |
| 240 10 - UNIFORM TITLE | |
| Uniform title | <a href="Ad Atticum.">Ad Atticum.</a> |
| Language of a work | English |
| 245 10 - TITLE STATEMENT | |
| Title | Cicero's Letters to Atticus / |
| Statement of responsibility, etc | translated with an introd. by D. R. Shackleton Bailey. |
| 260 ## - PUBLICATION, DISTRIBUTION, ETC. (IMPRINT) | |
| Place of publication, distribution, etc | Harmondsworth, Eng. ; |
| -- | New York : |
| Name of publisher, distributor, etc | Penguin Books, |
| Date of publication, distribution, etc | 1978. |
| 300 ## - PHYSICAL DESCRIPTION | |
| Extent | 735 p. : |
| 490 0# - SERIES STATEMENT | |
| Series statement | Penguin classics |
| 500 ## - GENERAL NOTE | |
| General note | Originally published in parallel Latin and English texts under title: Letters to Atticus. |
| 504 ## - BIBLIOGRAPHY, ETC. NOTE | |
| Bibliography, etc | Bibliography: p. 25-26. |
| 600 10 - SUBJECT ADDED ENTRY--PERSONAL NAME | |
| Personal name | Cicero, Marcus Tullius |
| Form subdivision | Correspondence. |
| 9 (RLIN) | 20487 |
| 600 10 - SUBJECT ADDED ENTRY--PERSONAL NAME | |
| Personal name | Atticus, Titus Pomponius |
| Form subdivision | Correspondence. |
| 9 (RLIN) | 20488 |
| 650 #0 - SUBJECT ADDED ENTRY--TOPICAL TERM | |
| Topical term or geographic name as entry element | Latin letters |
| Form subdivision | Translations into English. |
| 9 (RLIN) | 20489 |
| 650 #0 - SUBJECT ADDED ENTRY--TOPICAL TERM | |
| Topical term or geographic name as entry element | Authors, Latin |
| Form subdivision | Correspondence. |
| 9 (RLIN) | 20490 |
| 650 #0 - SUBJECT ADDED ENTRY--TOPICAL TERM | |
| Topical term or geographic name as entry element | Statesmen |
| Geographic subdivision | Rome |
| Form subdivision | Correspondence. |
| 9 (RLIN) | 20491 |
| 700 1# - ADDED ENTRY--PERSONAL NAME | |
| Personal name | Atticus, Titus Pomponius. |
| 9 (RLIN) | 20492 |
| 700 1# - ADDED ENTRY--PERSONAL NAME | |
| Personal name | Shackleton Bailey, D. R. |
| Fuller form of name | (David Roy), |
| Dates associated with a name | 1917-2005. |
| 9 (RLIN) | 20493 |
| 740 0# - ADDED ENTRY--UNCONTROLLED RELATED/ANALYTICAL TITLE | |
| Uncontrolled related/analytical title | Letters to Atticus. |
| 856 42 - ELECTRONIC LOCATION AND ACCESS | |
| Materials specified | Contributor biographical information |
| Uniform Resource Identifier | <a href="http://www.loc.gov/catdir/enhancements/fy1209/79304440-b.html">http://www.loc.gov/catdir/enhancements/fy1209/79304440-b.html</a> |
| 906 ## - LOCAL DATA ELEMENT F, LDF (RLIN) | |
| a | 7 |
| b | cbc |
| c | orignew |
| d | 4 |
| e | ncip |
| f | 19 |
| g | y-gencatlg |
| 942 ## - ADDED ENTRY ELEMENTS (KOHA) | |
| Source of classification or shelving scheme | Library of Congress Classification |
| Koha item type | Monograph ( Printed materials) |
| Withdrawn status | Lost status | Source of classification or shelving scheme | Damaged status | Not for loan | Home library | Current library | Date acquired | Total Checkouts | Full call number | Barcode | Date last seen | Price effective from | Koha item type |
|---|---|---|---|---|---|---|---|---|---|---|---|---|---|
| Library of Congress Classification | ARRUPE LIBRARY | ARRUPE LIBRARY | 24/10/2015 | PA6297.A5 1978 | 46500005273 | 27/03/2019 | 24/10/2015 | Monograph ( Printed materials) |